Statystyki dla Losowe Flagi Państw Świata #1

Kliknij tutaj aby rozwiązać quiz!

Ogólne statystyki

  • Ten quiz został rozwiązany 38 razy
  • Średni wynik to 17 z 17

Odpowiedzi na mapie

Odpowiedzi skodowane kolorowo w zielono-czerwonej skali na mapie do tego quizu, zgodnie z poniższymi procentami.
 

Statystyki odpowiedzi

ODPOWIEDŻ% Poprawnych
Chiny
100%
Chorwacja
100%
Cypr
100%
Czechy
100%
Finlandia
100%
Francja
100%
Gruzja
100%
Indie
100%
Irlandia
100%
Izrael
100%
Japonia
100%
Niemcy
100%
Bułgaria
97%
Estonia
97%
Grecja
97%
Kazachstan
97%
Australia
94%

Rozkład punktacji

Percentyl według liczby udzielonych odpowiedzi

Procent ludzi z każdym wynikiem

Twoja historia wyników

Nie rozwiązałeś tego quizu